مكتبة جامعة عجلون الوطنية

فهرس بحث المكتبة

أثر مشاركة العاملين وإتخاذ القرارات والدافعية على الأداء الإداري : دراسة حالة أمانة عمان الكبرى = The Impact of Employee participation, Decision Making, and motivation on administrative performance: a case study of the Greater Amman Municipality (Record no. 25882)

MARC details
000 -LEADER
fixed length control field 01387nam a2200241Ii 4500
003 - CONTROL NUMBER IDENTIFIER
control field JO-AjNU
005 - DATE AND TIME OF LATEST TRANSACTION
control field 20240624092306.0
008 - FIXED-LENGTH DATA ELEMENTS--GENERAL INFORMATION
fixed length control field 230605s9999||||xx |||||||||||||| ||und||
040 ## - CATALOGING SOURCE
Original cataloging agency JO-AjNU
Language of cataloging ara
Description conventions rda
Transcribing agency JO-AjNU
041 ## - LANGUAGE CODE
Language code of text/sound track or separate title ara
050 14 - LIBRARY OF CONGRESS CALL NUMBER
Classification number HF5549.5.2003
100 ## - MAIN ENTRY--PERSONAL NAME
Personal name الكلالدة، طاهر محمود خلف
Relator term معد
9 (RLIN) 65483
245 00 - TITLE STATEMENT
Title أثر مشاركة العاملين وإتخاذ القرارات والدافعية على الأداء الإداري : دراسة حالة أمانة عمان الكبرى = The Impact of Employee participation, Decision Making, and motivation on administrative performance: a case study of the Greater Amman Municipality
Statement of responsibility, etc. / اعداد طاهر محمود خلف الكلالده : اشراف محمد حسن حافظ
264 31 - PRODUCTION, PUBLICATION, DISTRIBUTION, MANUFACTURE, AND COPYRIGHT NOTICE
Place of production, publication, distribution, manufacture 2003
300 ## - PHYSICAL DESCRIPTION
Extent 215ص
336 ## - CONTENT TYPE
Content type term text
Content type code txt
Source rdacontent
337 ## - MEDIA TYPE
Media type term unmediated
Media type code n
Source rdamedia
338 ## - CARRIER TYPE
Carrier type term volume
Carrier type code nc
Source rdacarrier
500 ## - GENERAL NOTE
General note رسالة جامعية (دكتوراة في ادارة الأعمال)--جامعة السودان للعلوم والتكنولوجيا(السودان)، 2003، يشتمل على المصادروالمراجع الببلوغرافية ص(212-215)ويشتمل على الملاحق ص(1-21)
650 #4 - SUBJECT ADDED ENTRY--TOPICAL TERM
Topical term or geographic name entry element الأداء الإداري -- العاملين
9 (RLIN) 50630
700 ## - ADDED ENTRY--PERSONAL NAME
Personal name محمد حسن حافظ
Relator term مشرف
9 (RLIN) 65484
942 ## - ADDED ENTRY ELEMENTS (KOHA)
Source of classification or shelving scheme Library of Congress Classification
Koha item type Thesis
Holdings
Withdrawn status Lost status Source of classification or shelving scheme Damaged status Not for loan Home library Current library Shelving location Date acquired Total Checkouts Full call number Barcode Date last seen Price effective from Koha item type
    Library of Congress Classification     مكتبة جامعة عجلون الوطنية مكتبة جامعة عجلون الوطنية المراجع 06/06/2023   HF5549.5.2003 A22314 06/06/2023 06/06/2023 Reference